<?xml version="1.0" encoding="UTF-8"?>
<record
    xmlns:xsi="http://www.w3.org/2001/XMLSchema-instance"
    xsi:schemaLocation="http://www.loc.gov/MARC21/slim http://www.loc.gov/standards/marcxml/schema/MARC21slim.xsd"
    xmlns="http://www.loc.gov/MARC21/slim">

  <leader>00571nam a22001577a 4500</leader>
  <datafield tag="999" ind1=" " ind2=" ">
    <subfield code="c">527988</subfield>
    <subfield code="d">527988</subfield>
  </datafield>
  <datafield tag="020" ind1=" " ind2=" ">
    <subfield code="q">HBK.</subfield>
  </datafield>
  <datafield tag="082" ind1=" " ind2=" ">
    <subfield code="a">570.5</subfield>
  </datafield>
  <datafield tag="100" ind1=" " ind2=" ">
    <subfield code="a">Shuja, Malik Nawaz</subfield>
  </datafield>
  <datafield tag="245" ind1=" " ind2=" ">
    <subfield code="a">Development of Antibodies, Infectious clones and Infectivity studies of Cotton leaf curl Burewala virus (CLCuBuV) /</subfield>
    <subfield code="c">Malik Nawaz Shuja.</subfield>
  </datafield>
  <datafield tag="260" ind1=" " ind2=" ">
    <subfield code="a">Islamabad:</subfield>
    <subfield code="b">ASAB - NUST,</subfield>
    <subfield code="c">2017.</subfield>
  </datafield>
  <datafield tag="300" ind1=" " ind2=" ">
    <subfield code="a">2790 p. : ill. ;</subfield>
    <subfield code="c">30cm.</subfield>
  </datafield>
  <datafield tag="942" ind1=" " ind2=" ">
    <subfield code="2">ddc</subfield>
    <subfield code="c">THE</subfield>
  </datafield>
  <datafield tag="650" ind1=" " ind2=" ">
    <subfield code="a">Virology and Immunology - Ph. D Thesis.</subfield>
    <subfield code="9">19491</subfield>
  </datafield>
  <datafield tag="700" ind1=" " ind2=" ">
    <subfield code="a">Sup: Dr. Muhammad Tahir.</subfield>
    <subfield code="9">19492</subfield>
  </datafield>
  <datafield tag="952" ind1=" " ind2=" ">
    <subfield code="0">0</subfield>
    <subfield code="1">0</subfield>
    <subfield code="2">ddc</subfield>
    <subfield code="4">0</subfield>
    <subfield code="6">570_500000000000000</subfield>
    <subfield code="7">0</subfield>
    <subfield code="9">483140</subfield>
    <subfield code="a">CL</subfield>
    <subfield code="b">CL</subfield>
    <subfield code="c">THE</subfield>
    <subfield code="d">2019-08-25</subfield>
    <subfield code="l">0</subfield>
    <subfield code="o">570.5</subfield>
    <subfield code="p">CL-T-3112</subfield>
    <subfield code="r">2019-08-25</subfield>
    <subfield code="w">2019-08-25</subfield>
    <subfield code="y">THE</subfield>
  </datafield>
</record>
